| 000 | 00384nam a2200157Ia 4500 | ||
|---|---|---|---|
| 008 | 210716s2000 xx 000 0 und d | ||
| 020 | _a8176354376 | ||
| 041 | _aeng | ||
| 082 | _a007 GRAP | ||
| 100 | _aGralla, Preston. | ||
| 245 | _aHow the internet works. | ||
| 250 | _a1 | ||
| 260 |
_aNew Delhi _bTechmedia _c2000 |
||
| 300 | _axi,324 | ||
| 650 | _aInternet,Working With TCP/IP | ||
| 999 |
_c185040 _d185040 |
||